000 00188 a2200097 4500
020 _a156492100
041 _aspa
100 _aClarita Kohen
245 _aEl conejo y el coyote
942 _cBK
999 _c28725
_d28725